Corrección de las cajas de pesas (Record no. 160366)

MARC details
000 -LEADER
campo de control de longitud fija 01009nam a22002295i 4500
001 - NÚMERO DE CONTROL
campo de control 160366
003 - IDENTIFICADOR DE NÚMERO DE CONTROL
campo de control ES-MaACL
005 - FECHA Y HORA DE LA ÚLTIMA TRANSACCIÓN
campo de control 20250930063140.0
008 - DATOS DE LONGITUD FIJA--INFORMACIÓN GENERAL
campo de control de longitud fija 990505s1894 sp a |||| | spa d
040 ## - FUENTE DE CATALOGACIÓN
Centro catalogador/agencia de origen CCPB | B
Lengua de catalogación spa
Centro/agencia transcriptor CCPB | B
100 1# - ENTRADA PRINCIPAL--NOMBRE DE PERSONA
Nombre de persona Muñoz del Castillo, José,
Fechas asociadas al nombre 1850-1926
9 (RLIN) 84395
245 10 - MENCIÓN DEL TÍTULO
Título Corrección de las cajas de pesas
Resto del título : una práctica de laboratorio /
Mención de responsabilidad, etc. por José Muñoz del Castillo.
260 ## - PUBLICACIÓN, DISTRIBUCIÓN, ETC.
Lugar de publicación, distribución, etc. Madrid :
Nombre del editor, distribuidor, etc. [s.n.],
Fecha de publicación, distribución, etc. 1894 (
Fabricante Imp. de la Revista de Navegación y Comercio)
300 ## - DESCRIPCIÓN FÍSICA
Extensión 18, [1] p. :
Otras características físicas il. ;
Dimensiones 18 cm.
530 ## - NOTA DISPONIBLE DE FORMULARIO FÍSICO ADICIONAL
Nota de formato físico adicional disponible Disponible en formato digital.
594 #1 - Nota al título y mención de responsabilidad
Nota al título y mención de responsabilidad En v. de port.: Publicaciones de la revista La Naturaleza.
599 #1 - NOTA A LAS ILUSTRACIONES
NOTA A LAS ILUSTRACIONES Il. lit. intercaladas en el texto.
650 #7 - PUNTO DE ACCESO ADICIONAL DE MATERIA--TÉRMINO DE MATERIA
Término de materia o nombre geográfico como elemento de entrada Pesos y medidas
Fuente del encabezamiento o término embne
9 (RLIN) 136691
852 ## - LOCALIZACIÓN
Ubicación ES-MaACL
Número de control de estantería T-1406-F-4
Nota libre -- Enc. hol., conservando la cub. original
-- -- Enc. en un vol. facticio
856 ## - LOCALIZACIÓN Y ACCESO ELECTRÓNICOS
Identificador Uniforme de Recursos <a href="http://bdh-rd.bne.es/viewer.vm?id=0000098962&page=1 ">http://bdh-rd.bne.es/viewer.vm?id=0000098962&page=1 </a>
Nota pública Biblioteca Digital Hispánica
Holdings
Estatus retirado Estado de pérdida Estado de daño No para préstamo Colección Biblioteca de origen Biblioteca actual Ubicación en estantería Fecha de adquisición Total de préstamos Signatura topográfica completa Código de barras Visto por última vez Precio de reemplazo Tipo de ítem Koha
        Colección de folletos Biblioteca del Ateneo de Madrid Biblioteca del Ateneo de Madrid Depósito folletos 17/01/2008   T-1406-F-4 1167914 23/02/2023 23/02/2023 Folleto